Безопасность жизнедеятельности человека в электромагнитных полях: учебное пособие

Dettagli Bibliografici
Autore principale: Аполлонский С. М. Станислав Михайлович
Altri autori: Каляда Т. В. Таисия Васильевна, Синдаловский Б. Е. Борис Евгеньевич
Riassunto:Рассматриваются медико-биологические основы безопасности жизнедеятельности человека в электромагнитных полях. Описаны и систематизированы источники электромагнитного поля исскуственного происхождения в области неионизирующих излучений, рассмотрена электромагнитная обстановка в помещениях и в окружающей среде, изложены концепции механизмов биологического действия электромагнитного поля и клиникофизиологические аспекты проявления этого действия, указаны методы и средства защиты человека от воздействия электромагнитного поля, средства измерения параметров электромагнитного поля и рекомендованы методы проведения мониторинга.
Lingua:russo
Pubblicazione: СПб., Политехника, 2006
Serie:Безопасность жизни и деятельности
Soggetti:
Natura: MixedMaterials Libro
KOHA link:https://koha.lib.tpu.ru/cgi-bin/koha/opac-detail.pl?biblionumber=168675

MARC

LEADER 00000nam0a2200000 4500
001 168675
005 20231101222756.0
010 |a 5732508546 
035 |a (RuTPU)RU\TPU\book\182993 
090 |a 168675 
100 |a 20091030d2006 m y0rusy50 ca 
101 0 |a rus 
102 |a RU 
105 |a a j 001zy 
200 1 |a Безопасность жизнедеятельности человека в электромагнитных полях  |e учебное пособие  |f С. М. Аполлонский, Т. В. Каляда, Б. Е. Синдаловский 
210 |a СПб.  |c Политехника  |d 2006 
215 |a 263 с.  |c ил. 
225 1 |a Безопасность жизни и деятельности 
320 |a Библиогр.: с. 248-260. 
330 |a Рассматриваются медико-биологические основы безопасности жизнедеятельности человека в электромагнитных полях. Описаны и систематизированы источники электромагнитного поля исскуственного происхождения в области неионизирующих излучений, рассмотрена электромагнитная обстановка в помещениях и в окружающей среде, изложены концепции механизмов биологического действия электромагнитного поля и клиникофизиологические аспекты проявления этого действия, указаны методы и средства защиты человека от воздействия электромагнитного поля, средства измерения параметров электромагнитного поля и рекомендованы методы проведения мониторинга. 
606 1 |a Безопасность жизнедеятельности  |2 stltpush  |3 (RuTPU)RU\TPU\subj\27856  |9 51540 
606 1 |a Электромагнитное поле  |x Действие ионизирующих излучений  |2 stltpush  |3 (RuTPU)RU\TPU\subj\20159  |9 45280 
610 1 |a биологическое действие 
610 1 |a воздействие на человека 
610 1 |a человек 
610 1 |a экранирующие устройства 
610 1 |a измерения 
610 1 |a электромагнитная безопасность 
610 1 |a обучение 
610 1 |a инновационные технологии 
610 1 |a учебные пособия 
610 1 |a электромагнетизм 
610 1 |a ионизирующие излучения 
675 |a 614.8(075.8)  |v 3 
675 |a 537.86(075.8)  |v 3 
700 1 |a Аполлонский  |b С. М.  |g Станислав Михайлович 
701 1 |a Каляда  |b Т. В.  |g Таисия Васильевна 
701 1 |a Синдаловский  |b Б. Е.  |g Борис Евгеньевич 
801 1 |a RU  |b 63413507  |c 20091030 
801 2 |a RU  |b 63413507  |c 20150529  |g RCR 
900 |a Безопасность жизнедеятельности 
900 |a Медико-биологические основы безопасности жизнедеятельности 
942 |c BK 
951 |b 280000 
959 |a 112/20091029  |d 2  |e 231,00  |f АНЛ:1  |f ЧЗТЛ:1